Statistics for Five Most Populated Cities by Continent

Click here to take the quiz!

General Stats

  • This quiz has been taken 58,344 times
    (46,426 since last reset)
  • The average score is 22 of 30

Answer Stats

Continent Population City % Correct
Europe14.8 milLondon
97%
Europe11.4 milParis
96%
North America22.1 milNew York City
95%
Oceania5.30 milSydney
92%
North America17.7 milLos Angeles
91%
Europe17.3 milMoscow
89%
South America13.2 milRio de Janeiro
88%
Asia40.4 milTokyo
88%
North America23.0 milMexico City
86%
Europe6.55 milMadrid
81%
Africa19.4 milLagos
80%
Oceania4.98 milMelbourne
78%
South America16.4 milBuenos Aires
77%
North America9.75 milChicago
76%
Africa21.0 milCairo
76%
South America22.4 milSão Paulo
74%
Africa13.9 milJohannesburg
71%
Oceania2.08 milPerth
70%
Asia30.3 milDelhi
70%
Asia31.3 milJakarta
68%
Asia33.6 milShanghai
64%
South America9.60 milBogotá
64%
South America10.1 milLima
63%
Europe16.0 milIstanbul
62%
Oceania1.41 milAuckland
62%
Asia46.7 milGuangzhou
53%
Oceania3.15 milBrisbane
53%
North America8.55 milWashington D.C.
49%
Africa12.4 milKinshasa
47%
Africa8.15 milLuanda
22%

Score Distribution

Percentile by Number Answered

Percent of People with Each Score

Your Score History

You have not taken this quiz since the last reset